| 000 | 00737cam a22002294a 4500 | ||
|---|---|---|---|
| 020 | _a0072869054 (student ed. : alk. paper) | ||
| 020 | _a9780072869057 (student ed. : alk. paper) | ||
| 020 | _a0072869089 (instructor's ed. : alk. paper) | ||
| 020 | _a9780072869088 (instructor's ed. : alk. paper) | ||
| 020 | _a0072971223 (Pkg. ISBN) | ||
| 020 | _a9780072971224 (Pkg. ISBN) | ||
| 040 | _cDLC | ||
| 082 | 0 | 0 | _a658 MCG 2005 A050 Or. |
| 100 | 1 | _aStevenson, William J | |
| 245 | 1 | 0 | _aOperations management / |
| 250 | _a8th ed | ||
| 260 |
_aBoston : _bMcGraw-Hill/Irwin, _cc2005 |
||
| 300 |
_axiv, 871 p. : _bcol. ill. ; _c29 cm + _e1 DVD (4 3/4 in.) |
||
| 500 | _aIncludes index | ||
| 650 | 0 | _aProduction management | |
| 942 | _cEK | ||
| 999 |
_c14098 _d14098 |
||